Un evento al mese - 2011 - Statistics

Statistiche generali
  • Questo quiz è stato fatto 26 volte
  • Il punteggio medio è 6 su 12
Statistiche sulle risposte
Mese Domanda Risposta % Corretto
Aprile Con chi si è sposato William, principe del Galles? Catherine Middleton
95%
Maggio Quale terrorista saudita venne ucciso dai Navy SEALs in Pakistan? Osama Bin Laden
76%
Settembre Quale nazione lancia il suo primo modulo spaziale, la navicella "Tiangong 1" dal Deserto del Gobi? Cina
71%
Marzo Quale centrale nucleare giapponese fu colpita da un terribile maremoto l'11 marzo? Centrale nucleare di Fukushima Dai-ichi
57%
Novembre Chi divenne il terzo presidente della Banca Centrale europea? Mario Draghi
57%
Luglio In quale nazione europea avvenne l'attentato terroristico perpetrato da Anders Breivik? Norvegia
57%
Ottobre Quale dittatore nordafricano venne ucciso il 20 ottobre? Muʿammar Gheddafi
48%
Agosto In quale capitale europea avvennero vari disordini che portarono a più di 1 000 arresti e 5 civili morti? Londra
38%
Gennaio Quale stato africano divenne indipendente grazie ad un referendum svoltosi il 9 gennaio? Sud Sudan
38%
Febbraio Quale leader egiziano di dimise dopo 30 anni di governo? Hosni Mubarak
29%
Dicembre Quale guerra terminò ufficialmente in questo mese, ome annunciato dal segretario generale della NATO Anders Fogh Rasmussen? Guerra in Iraq
14%
Giugno Chi rimase alla guida dell'ONU per il secondo mandato consecutivo? Ban Ki-moon
5%
Nessun quiz corrispondente trovato
Distribuzione punteggi
Percentuale di utenti per punteggio
Percentile per numero di risposta
I tuoi punteggi nel tempo
Non hai fatto questo quiz